<?xml version="1.0" encoding="UTF-8"?>
<record
    xmlns:xsi="http://www.w3.org/2001/XMLSchema-instance"
    xsi:schemaLocation="http://www.loc.gov/MARC21/slim http://www.loc.gov/standards/marcxml/schema/MARC21slim.xsd"
    xmlns="http://www.loc.gov/MARC21/slim">

  <leader>01199nam a22002775a 4500</leader>
  <datafield tag="999" ind1=" " ind2=" ">
    <subfield code="c">25926</subfield>
    <subfield code="d">25898</subfield>
  </datafield>
  <controlfield tag="003">OSt</controlfield>
  <controlfield tag="005">20190616140455.0</controlfield>
  <controlfield tag="008">180111s2016    ua     frbd   000 0 ara d</controlfield>
  <datafield tag="017" ind1=" " ind2=" ">
    <subfield code="a">2016 / 5515</subfield>
  </datafield>
  <datafield tag="040" ind1=" " ind2=" ">
    <subfield code="a">EG-ScBUE</subfield>
    <subfield code="b">ara</subfield>
    <subfield code="c">EG-ScBUE</subfield>
  </datafield>
  <datafield tag="082" ind1="0" ind2="4">
    <subfield code="a">303.625</subfield>
    <subfield code="b">&#x635; &#x62F; &#x64A;</subfield>
    <subfield code="2">22</subfield>
  </datafield>
  <datafield tag="100" ind1="1" ind2=" ">
    <subfield code="a">&#x635;&#x62F;&#x64A;&#x642;&#x60C; &#x631;&#x627;&#x645;&#x64A; &#x639;&#x637;&#x627;&#x60C;</subfield>
    <subfield code="d">1977-</subfield>
  </datafield>
  <datafield tag="245" ind1="1" ind2="2">
    <subfield code="a">&#x627;&#x644;&#x625;&#x639;&#x644;&#x627;&#x645; &#x648;&#x645;&#x648;&#x627;&#x62C;&#x647;&#x629; &#x627;&#x644;&#x625;&#x631;&#x647;&#x627;&#x628; :</subfield>
    <subfield code="b">&#x62F;&#x644;&#x64A;&#x644; &#x645;&#x635;&#x637;&#x644;&#x62D;&#x627;&#x62A; /</subfield>
    <subfield code="c">&#x62A;&#x642;&#x62F;&#x64A;&#x645; &#x62D;&#x644;&#x645;&#x64A; &#x627;&#x644;&#x646;&#x645;&#x646;&#x645;&#x60C; &#x647;&#x648;&#x64A;&#x62F;&#x627; &#x645;&#x635;&#x637;&#x641;&#x649;&#x60C; &#x645;&#x62D;&#x645;&#x648;&#x62F; &#x645;&#x631;&#x627;&#x62F; &#x61B; &#x625;&#x639;&#x62F;&#x627;&#x62F; &#x631;&#x627;&#x645;&#x64A; &#x639;&#x637;&#x627; &#x635;&#x62F;&#x64A;&#x642;&#x60C; &#x641;&#x627;&#x637;&#x645;&#x629; &#x634;&#x639;&#x628;&#x627;&#x646; &#x623;&#x628;&#x648; &#x627;&#x644;&#x62D;&#x633;&#x646;.</subfield>
  </datafield>
  <datafield tag="250" ind1=" " ind2=" ">
    <subfield code="a">&#x637;. 1.</subfield>
  </datafield>
  <datafield tag="260" ind1=" " ind2=" ">
    <subfield code="a">&#x627;&#x644;&#x634;&#x631;&#x648;&#x642;&#x60C; &#x645;&#x635;&#x631; :</subfield>
    <subfield code="b">&#x627;&#x644;&#x645;&#x639;&#x647;&#x62F; &#x627;&#x644;&#x62F;&#x648;&#x644;&#x64A; &#x627;&#x644;&#x639;&#x627;&#x644;&#x64A; &#x644;&#x644;&#x625;&#x639;&#x644;&#x627;&#x645; :</subfield>
    <subfield code="b">&#x623;&#x643;&#x627;&#x62F;&#x64A;&#x645;&#x64A;&#x629; &#x627;&#x644;&#x634;&#x631;&#x648;&#x642;&#x60C;</subfield>
    <subfield code="c">2016.</subfield>
  </datafield>
  <datafield tag="300" ind1=" " ind2=" ">
    <subfield code="a">248 &#x635;. &#x61B;</subfield>
    <subfield code="c">24 &#x633;&#x645;.</subfield>
  </datafield>
  <datafield tag="541" ind1=" " ind2=" ">
    <subfield code="a">&#x62F;&#x643;&#x62A;&#x648;&#x631; &#x645;&#x62D;&#x645;&#x62F; &#x634;&#x648;&#x645;&#x627;&#x646; &#x61B;</subfield>
    <subfield code="c">&#x625;&#x647;&#x62F;&#x627;&#x621; &#x61B;</subfield>
  </datafield>
  <datafield tag="650" ind1=" " ind2="7">
    <subfield code="a">&#x627;&#x644;&#x625;&#x631;&#x647;&#x627;&#x628; &#x641;&#x64A; &#x648;&#x633;&#x627;&#x626;&#x644; &#x627;&#x644;&#x625;&#x639;&#x644;&#x627;&#x645;.</subfield>
    <subfield code="2">BUEsh</subfield>
  </datafield>
  <datafield tag="651" ind1=" " ind2=" ">
    <subfield code="2">BUEsh</subfield>
  </datafield>
  <datafield tag="653" ind1=" " ind2=" ">
    <subfield code="b">COMAME</subfield>
    <subfield code="c">January2018</subfield>
  </datafield>
  <datafield tag="700" ind1="1" ind2=" ">
    <subfield code="a">&#x623;&#x628;&#x648; &#x627;&#x644;&#x62D;&#x633;&#x646;&#x60C; &#x641;&#x627;&#x637;&#x645;&#x629; &#x634;&#x639;&#x628;&#x627;&#x646;.</subfield>
  </datafield>
  <datafield tag="700" ind1="1" ind2=" ">
    <subfield code="a">&#x646;&#x645;&#x646;&#x645;&#x60C; &#x62D;&#x644;&#x645;&#x64A;&#x60C;</subfield>
    <subfield code="e">&#x645;&#x642;&#x62F;&#x645;.</subfield>
  </datafield>
  <datafield tag="700" ind1="1" ind2=" ">
    <subfield code="a">&#x645;&#x635;&#x637;&#x641;&#x649;&#x60C; &#x647;&#x648;&#x64A;&#x62F;&#x627;&#x60C;</subfield>
    <subfield code="e">&#x645;&#x642;&#x62F;&#x645;.</subfield>
  </datafield>
  <datafield tag="700" ind1="1" ind2=" ">
    <subfield code="a">&#x645;&#x631;&#x627;&#x62F;&#x60C; &#x645;&#x62D;&#x645;&#x648;&#x62F;&#x60C;</subfield>
    <subfield code="e">&#x645;&#x642;&#x62F;&#x645;.</subfield>
    <subfield code="9">40895</subfield>
  </datafield>
  <datafield tag="942" ind1=" " ind2=" ">
    <subfield code="2">ddc</subfield>
  </datafield>
  <datafield tag="952" ind1=" " ind2=" ">
    <subfield code="0">0</subfield>
    <subfield code="1">0</subfield>
    <subfield code="2">ddc</subfield>
    <subfield code="4">0</subfield>
    <subfield code="7">0</subfield>
    <subfield code="8">Donation-G</subfield>
    <subfield code="a">MAIN</subfield>
    <subfield code="b">MAIN</subfield>
    <subfield code="c">1ST</subfield>
    <subfield code="d">2018-01-11</subfield>
    <subfield code="e">Donation</subfield>
    <subfield code="o">303.625 &#x635; &#x62F; &#x64A;</subfield>
    <subfield code="p">000042818</subfield>
    <subfield code="r">2025-07-15 00:00:00</subfield>
    <subfield code="x">&#x625;&#x647;&#x62F;&#x627;&#x621; &#x645;&#x646; &#x62F;&#x643;&#x62A;&#x648;&#x631; &#x645;&#x62D;&#x645;&#x62F; &#x634;&#x648;&#x645;&#x627;&#x646;</subfield>
    <subfield code="y">REFERENCE</subfield>
  </datafield>
</record>
